[Event "Politiken Cup"]
[Site "Helsingor DEN"]
[Date "2009.07.19"]
[Round "3"]
[White "Andersen,Dag"]
[Black "Andersson,C"]
[Result "0-1"]
[WhiteElo "1926"]
[BlackElo "2136"]
[EventDate "2009.07.18"]

1. d4 d6 2. e4 e5 3. Nf3 exd4 4. Nxd4 Nf6 5. Nc3 Be7 6. f3 O-O 7. Be3 d5 8.
exd5 Nxd5 9. Nxd5 Qxd5 10. Be2 Nc6 11. Nxc6 Qxc6 12. O-O Rd8 13. Qc1 Bf5
14. c3 Re8 15. Bf2 Bc5 16. Re1 Re6 17. Qf4 Bg6 18. Bxc5 Qxc5+ 19. Kf1 Rae8
20. Rad1 Qe7 21. Rd2 Bd3 22. Rxd3 Rxe2 0-1

[Event "Politiken Cup"]
[Site "Helsingor DEN"]
[Date "2009.07.19"]
[Round "3"]
[White "Berkemer,R"]
[Black "Algra,J"]
[Result "0-1"]
[WhiteElo "1925"]
[BlackElo "2123"]
[EventDate "2009.07.18"]

1. d4 c5 2. Nf3 Nf6 3. Nc3 cxd4 4. Nxd4 d5 5. Bg5 e6 6. e4 dxe4 7. Bxf6
Qxf6 8. Nxe4 Qe5 9. Bd3 Bd7 10. Nf3 Qa5+ 11. Qd2 Bb4 12. c3 Be7 13. O-O O-O
14. b4 Qc7 15. Rfd1 f5 16. Nc5 Bxc5 17. bxc5 Qxc5 18. Qe2 Qe7 19. Bc4 Kh8
20. Rd3 Nc6 21. Rad1 Rad8 22. Ng5 Qxg5 23. Rxd7 f4 24. Qd2 Rxd7 25. Qxd7
Rd8 26. Bxe6 Rxd7 27. Bxd7 Ne5 28. Bh3 Qe7 29. Kf1 g5 30. Bf5 Qc7 31. Be6
Qxc3 32. h3 Qc7 33. Kg1 b5 34. Bb3 a5 35. Rd5 a4 36. Bd1 Qc1 37. Kh2 Nc4
38. Bh5 Nd2 39. h4 g4 40. Bxg4 Nf1+ 41. Kh3 Ne3 42. Rd8+ Kg7 43. Rd7+ Kf8
0-1

[Event "Politiken Cup"]
[Site "Helsingor DEN"]
[Date "2009.07.19"]
[Round "3"]
[White "Brondum,E"]
[Black "Rolvaag,B"]
[Result "1/2-1/2"]
[WhiteElo "2122"]
[BlackElo "1906"]
[EventDate "2009.07.18"]

1. d4 d5 2. Nf3 Nf6 3. c4 e6 4. Nc3 Be7 5. e3 O-O 6. Bd3 b6 7. O-O Bb7 8.
b3 Nbd7 9. Bb2 c5 10. cxd5 Nxd5 11. Nxd5 Bxd5 12. Rc1 Rc8 13. Qe2 Bf6 14.
Rfd1 cxd4 15. Nxd4 Rxc1 16. Rxc1 Qa8 17. f3 Nc5 18. Bb1 e5 19. Nf5 Re8 20.
Rd1 Be6 21. Ng3 g6 22. Ne4 Nxe4 23. Bxe4 Qc8 24. Rc1 Qb8 25. Rd1 Rd8 26.
Rxd8+ 1/2-1/2

[Event "Politiken Cup"]
[Site "Helsingor DEN"]
[Date "2009.07.19"]
[Round "3"]
[White "Ochsner,B"]
[Black "Brorsen,J"]
[Result "0-1"]
[WhiteElo "2119"]
[BlackElo "1911"]
[EventDate "2009.07.18"]

1. e4 g6 2. d4 Bg7 3. Nc3 d6 4. f4 a6 5. Nf3 b5 6. Bd3 Nd7 7. e5 Nb6 8. Qe2
Nh6 9. O-O O-O 10. a4 b4 11. Ne4 a5 12. c3 Bd7 13. cxb4 axb4 14. a5 Nd5 15.
Bd2 Qb8 16. Bc4 c6 17. Nf2 Nc7 18. Qe1 Be6 19. Bd3 b3 20. Ne4 Rd8 21. Qe2
Qa7 22. Kh1 Bd5 23. Bb4 Ne6 24. Qd2 Nf5 25. Ra4 Nfxd4 26. Bc3 Nxf3 27. gxf3
Bxe4 28. Rxe4 Nc5 29. Re3 d5 30. Re2 Na4 31. Ra1 Nxc3 32. Qxc3 Qb7 33. Ra3
Rdb8 34. a6 Qb6 35. a7 Rxa7 36. Rxa7 Qxa7 37. Qxc6 Qd4 38. Ba6 e6 39. Qd6
Rb6 40. Qd8+ Bf8 41. Bc8 Qd1+ 42. Kg2 Qxe2+ 43. Kg3 Rc6 44. Qe8 Rc2 45.
Bxe6 Qxh2+ 46. Kg4 Rg2+ 0-1

[Event "Politiken Cup"]
[Site "Helsingor DEN"]
[Date "2009.07.19"]
[Round "3"]
[White "Brauner,J"]
[Black "Pedersen,Pet2"]
[Result "0-1"]
[WhiteElo "1919"]
[BlackElo "2119"]
[EventDate "2009.07.18"]

1. c4 Nf6 2. Nc3 d6 3. g3 g6 4. Bg2 Bg7 5. d3 O-O 6. Bg5 h6 7. Bd2 e5 8.
Nf3 c6 9. O-O Nbd7 10. b4 d5 11. e3 dxc4 12. dxc4 e4 13. Ne1 Ne5 14. Rc1
Nxc4 15. Nb1 Bg4 16. f3 exf3 17. Bxf3 Bxf3 18. Nxf3 Nxd2 19. Nbxd2 Nd5 20.
Qb3 Qb6 21. Nc4 Qxb4 22. Qxb4 Nxb4 23. Rb1 Nxa2 24. Rxb7 a5 25. Rfb1 Nc3
26. R1b6 a4 27. Na3 Nb5 28. Nc2 Rfc8 29. Nd2 a3 30. Nb3 a2 31. Nca1 Rd8 32.
Rxc6 Rd1+ 33. Kg2 Rxa1 34. Nxa1 Bxa1 35. Rxb5 Bb2 0-1

[Event "Politiken Cup"]
[Site "Helsingor DEN"]
[Date "2009.07.19"]
[Round "3"]
[White "Karlsson,J"]
[Black "Nielsen,JeH"]
[Result "1-0"]
[WhiteElo "2118"]
[BlackElo "1902"]
[EventDate "2009.07.18"]

1. Nf3 f5 2. e4 fxe4 3. Ng5 Nf6 4. d3 Nc6 5. Nxe4 d5 6. Nxf6+ exf6 7. Nc3
Bb4 8. a3 Bxc3+ 9. bxc3 Qe7+ 10. Be3 O-O 11. Be2 Bf5 12. O-O Ne5 13. Re1 b6
14. a4 a5 15. Qb1 Qd7 16. Bf4 Rad8 17. h3 Ng6 18. Bh2 Rfe8 19. Qb5 Qxb5 20.
axb5 Re7 21. g4 Bc8 22. Bf3 Red7 23. c4 Ne7 24. c5 bxc5 25. Rxa5 Ng6 26.
Ra7 Ne5 27. Bxe5 fxe5 28. Rxe5 Kf8 29. c4 dxc4 30. dxc4 Rf7 31. Bd5 Re7 32.
Rxe7 Kxe7 33. Rxc7+ Kf6 34. f4 g6 35. Rf7+ 1-0

[Event "Politiken Cup"]
[Site "Helsingor DEN"]
[Date "2009.07.19"]
[Round "3"]
[White "Hansen,I"]
[Black "Porte,H"]
[Result "1/2-1/2"]
[WhiteElo "1943"]
[BlackElo "2115"]
[EventDate "2009.07.18"]

1. e4 c6 2. d4 d5 3. Nd2 dxe4 4. Nxe4 Bf5 5. Ng3 Bg6 6. Nf3 Nd7 7. Be2 e6
8. O-O Bd6 9. c4 Ngf6 10. Re1 O-O 11. Bd2 Re8 12. Bc3 Qc7 13. Bd3 Bxd3 14.
Qxd3 Rad8 15. Re2 Nf8 16. Ne4 Be7 17. Rd1 Ng6 18. g3 Nxe4 19. Qxe4 Bf6 20.
Red2 Ne7 21. Rd3 h6 22. Kg2 Nf5 23. d5 Bxc3 24. Rxc3 Ne7 25. Re1 exd5 26.
cxd5 Qd7 27. dxc6 Nxc6 28. Qc4 Rxe1 29. Nxe1 Ne5 30. Qe4 Qd5 31. Qxd5 Rxd5
32. Nf3 Nxf3 33. Kxf3 Rd2 34. Rb3 b6 35. Ra3 Rxb2 36. Rxa7 b5 37. a4 Rb3+
38. Kg2 Ra3 39. a5 b4 40. Rb7 Rxa5 1/2-1/2

[Event "Politiken Cup"]
[Site "Helsingor DEN"]
[Date "2009.07.19"]
[Round "3"]
[White "Nielsen,JanM"]
[Black "Tari,A"]
[Result "1/2-1/2"]
[WhiteElo "2115"]
[BlackElo "1901"]
[EventDate "2009.07.18"]

1. d4 Nf6 2. c4 e6 3. Nf3 b6 4. Nc3 Bb7 5. Bg5 Be7 6. Qc2 d5 7. e3 Nbd7 8.
cxd5 exd5 9. Bd3 h6 10. Bh4 O-O 11. Bf5 Re8 12. g4 Ne4 13. Bxe7 Qxe7 14. g5
Nxg5 15. Nxg5 hxg5 16. h4 gxh4 17. O-O-O Nf8 18. Rdg1 g6 19. Rg4 Qf6 20.
Bd3 c5 21. Rf4 Qe7 22. Rfxh4 Kg7 23. Qd1 c4 24. Be2 Rad8 25. Qg1 Bc8 26.
Qh2 Qd6 27. Rf4 f5 28. Qh8+ Kf7 29. Bf3 Be6 30. Rfh4 Re7 31. Rh7+ Ke8 32.
Nb5 Qd7 33. Rxe7+ Qxe7 34. Qe5 Rd7 35. Rh8 a6 36. Nc3 Qd6 37. Qf6 Bf7 38.
Qh4 b5 39. Bd1 Qe7 40. Qh2 Qd6 41. Qh6 Qe7 42. Ne2 Qb4 43. a3 Qd6 44. Bc2
Rd8 45. Ng1 Ke7 46. Nf3 Ne6 47. Ne5 Rxh8 48. Qxh8 Nd8 49. Bd1 c3 50. b4 a5
51. Bb3 axb4 52. axb4 Qa6 53. Qh4+ Ke6 54. Bxd5+ Kxd5 55. Qxd8+ Ke4 56.
Qh4+ Kd5 57. Qh1+ Ke6 58. Qc6+ Qxc6 59. Nxc6 Kd5 60. Ne5 Be8 61. Kc2 f4 62.
Kxc3 fxe3 63. fxe3 Ke4 64. Kd2 g5 65. Ke2 g4 66. Nd3 Kd5 67. Kf2 Kc4 68.
Nc5 Kxb4 69. Kg3 Bh5 70. Kh4 Kc4 71. Kg3 1/2-1/2

[Event "Politiken Cup"]
[Site "Helsingor DEN"]
[Date "2009.07.19"]
[Round "3"]
[White "Andersen,Har"]
[Black "Haarr,J"]
[Result "0-1"]
[WhiteElo "1901"]
[BlackElo "2110"]
[EventDate "2009.07.18"]

1. e4 c6 2. d4 d5 3. e5 Bf5 4. Nc3 e6 5. g4 Bg6 6. Nge2 c5 7. Be3 Nc6 8. f4
h5 9. f5 exf5 10. g5 cxd4 11. Nxd4 Bb4 12. Bb5 Nge7 13. O-O O-O 14. Bf4 Bc5
15. Nce2 Nxd4 0-1

[Event "Politiken Cup"]
[Site "Helsingor DEN"]
[Date "2009.07.19"]
[Round "3"]
[White "Seegert,K"]
[Black "Nielsen,KaiG"]
[Result "1-0"]
[WhiteElo "2103"]
[BlackElo "1899"]
[EventDate "2009.07.18"]

1. e4 c5 2. Nf3 d6 3. d4 cxd4 4. Nxd4 g6 5. Nc3 Nc6 6. Be3 Bg7 7. Qd2 Nf6
8. f3 Bd7 9. Bc4 Rc8 10. Bb3 Na5 11. O-O-O Nxb3+ 12. Nxb3 a5 13. Bh6 O-O
14. Bxg7 Kxg7 15. h4 h5 16. g4 a4 17. g5 Ne8 18. Nd4 a3 19. b3 Qc7 20. Nd5
Qd8 21. f4 e6 22. Ne3 Bc6 23. Nxc6 Rxc6 24. f5 Qc7 25. Rhf1 e5 26. fxg6
fxg6 27. Nd5 Qd7 28. Rxf8 Kxf8 29. Rf1+ Kg8 30. Nf6+ Nxf6 31. gxf6 Qf7 32.
Qa5 Qc7 33. f7+ Kf8 34. Qd2 g5 35. hxg5 d5 36. exd5 Rd6 37. Qb4 Qe7 38. g6
Qg5+ 39. Kb1 Qxg6 40. Qc5 1-0

[Event "Politiken Cup"]
[Site "Helsingor DEN"]
[Date "2009.07.19"]
[Round "3"]
[White "Jonsson,Ol"]
[Black "Peschardt,S"]
[Result "1-0"]
[WhiteElo "1899"]
[BlackElo "2102"]
[EventDate "2009.07.18"]

1. e4 c5 2. Nf3 Nc6 3. d4 cxd4 4. Nxd4 Qb6 5. Nb3 Nf6 6. Nc3 e6 7. Be3 Qc7
8. Bd3 d6 9. O-O Be7 10. f4 O-O 11. Kh1 a6 12. Qf3 b5 13. a3 Bb7 14. Qh3
Nd7 15. f5 e5 16. Nd5 Qd8 17. Rf3 Nf6 18. Raf1 Rc8 19. Rg3 Kh8 20. Rff3 Rg8
21. Nxe7 Qxe7 22. Bg5 Qc7 23. Qh4 Nd7 24. Qxh7+ Kxh7 25. Rh3+ 1-0

[Event "Politiken Cup"]
[Site "Helsingor DEN"]
[Date "2009.07.19"]
[Round "3"]
[White "Bratholm,P"]
[Black "Fyhn,K"]
[Result "1-0"]
[WhiteElo "2098"]
[BlackElo "1884"]
[EventDate "2009.07.18"]

1. d4 d5 2. Nf3 Nf6 3. Bg5 Ne4 4. Bf4 c5 5. e3 Nc6 6. Nbd2 Qa5 7. c3 Bf5 8.
Qb3 Qb6 9. Qxd5 Nxd2 10. Nxd2 Qxb2 11. Bb5 Qxb5 12. Qxf5 e6 13. Qc2 Be7 14.
Rb1 Qa6 15. Ne4 b6 16. Qe2 Qxe2+ 17. Kxe2 cxd4 18. cxd4 Nb4 19. Rhc1 Nd5
20. Nd6+ Bxd6 21. Bxd6 Kd7 22. Ba3 Rhc8 23. Kd2 Rxc1 24. Rxc1 Rc8 25. Rxc8
Kxc8 26. e4 Nf6 27. f3 Kc7 28. Bf8 Ne8 29. Kc3 Kc6 30. Kc4 b5+ 31. Kb4 g6
32. Ka5 Nc7 33. Bg7 Ne8 34. Be5 f6 35. Bg3 f5 36. Be5 g5 37. g4 fxg4 38.
fxg4 a6 39. Kxa6 h6 40. Ka5 Nd6 41. Bxd6 Kxd6 42. Kxb5 1-0

[Event "Politiken Cup"]
[Site "Helsingor DEN"]
[Date "2009.07.19"]
[Round "3"]
[White "Torkilseng,R"]
[Black "Bruun,H"]
[Result "1/2-1/2"]
[WhiteElo "1824"]
[BlackElo "2093"]
[EventDate "2009.07.18"]

1. b3 e5 2. Bb2 Nc6 3. e3 Nf6 4. Bb5 d6 5. Bxc6+ bxc6 6. Ne2 c5 7. O-O Be7
8. f4 exf4 9. Nxf4 O-O 10. Nc3 Bb7 11. d3 Qd7 12. e4 Rae8 13. h3 Bd8 14.
Qd2 h6 15. Rae1 c6 16. Nd1 Nh7 17. Nh5 f6 18. Ng3 Bc7 19. Nf5 d5 20. Qf2 d4
21. Bc1 Ng5 22. Bf4 Bc8 23. Bxc7 Qxc7 24. Qf4 Qxf4 25. Rxf4 Nf7 26. Ref1
Re6 27. Nb2 1/2-1/2

[Event "Politiken Cup"]
[Site "Helsingor DEN"]
[Date "2009.07.19"]
[Round "3"]
[White "Omarsson,D"]
[Black "Thomsen,P"]
[Result "1-0"]
[WhiteElo "2091"]
[BlackElo "1875"]
[EventDate "2009.07.18"]

1. e4 c5 2. Nf3 d6 3. d4 cxd4 4. Nxd4 Nf6 5. Nc3 a6 6. Bg5 e6 7. f4 Be7 8.
Qf3 Qc7 9. O-O-O O-O 10. g4 b5 11. Bxf6 Bxf6 12. g5 Bxd4 13. Rxd4 Nc6 14.
Rd3 b4 15. Ne2 Bb7 16. Qh5 Ne5 17. fxe5 Bxe4 18. Ng3 Rac8 19. Qe2 Bxd3 20.
Qxd3 dxe5 21. Qe4 Rfd8 22. Bd3 g6 23. Kb1 Rd4 24. Qe2 a5 25. h4 a4 26. h5
a3 27. hxg6 fxg6 28. Ne4 axb2 29. Nf6+ Kf8 30. Rxh7 Qc6 31. Qh2 1-0

[Event "Politiken Cup"]
[Site "Helsingor DEN"]
[Date "2009.07.19"]
[Round "3"]
[White "Hoel,J"]
[Black "Dalberg,P"]
[Result "0-1"]
[WhiteElo "1879"]
[BlackElo "2088"]
[EventDate "2009.07.18"]

1. c4 e5 2. g3 d6 3. Bg2 f5 4. Nc3 Nf6 5. d3 Be7 6. e4 O-O 7. Nge2 Nc6 8.
O-O Be6 9. Nd5 Qd7 10. f3 Rf7 11. d4 exd4 12. Nxd4 Nxd4 13. Qxd4 Bd8 14.
Kh1 c6 15. Nf4 Bb6 16. Qc3 fxe4 17. fxe4 Ng4 18. h3 Ne5 19. b3 Raf8 20. Rd1
Ng6 21. Nxg6 hxg6 22. Kh2 Bxh3 23. Bxh3 Rf2+ 24. Bg2 Rxg2+ 25. Kxg2 Rf2+
0-1

[Event "Politiken Cup"]
[Site "Helsingor DEN"]
[Date "2009.07.19"]
[Round "3"]
[White "Johansen,St"]
[Black "Jensen,SorenG"]
[Result "0-1"]
[WhiteElo "1874"]
[BlackElo "2082"]
[EventDate "2009.07.18"]

1. e4 c6 2. d4 d5 3. Nc3 dxe4 4. Nxe4 Nf6 5. Nxf6+ gxf6 6. c3 Bf5 7. Nf3 h5
8. Bf4 Qd5 9. Qd2 Nd7 10. Be2 O-O-O 11. c4 Qe4 12. Bg3 h4 13. Nxh4 Rxh4 14.
f3 Qxd4 15. Qa5 e5 16. Rd1 Qxb2 17. Qxa7 Bb4+ 18. Kf1 Rd4 19. Rxd4 Qxd4 20.
Qa4 Qa1+ 21. Qd1 Qxd1+ 22. Bxd1 Nb6 23. Bb3 Nxc4 24. Ke2 Rd2+ 0-1

[Event "Politiken Cup"]
[Site "Helsingor DEN"]
[Date "2009.07.19"]
[Round "3"]
[White "Palvig,D"]
[Black "Tallaksen,L"]
[Result "0-1"]
[WhiteElo "1868"]
[BlackElo "2081"]
[EventDate "2009.07.18"]

1. d4 Nf6 2. Bf4 e6 3. Nf3 d6 4. h3 Be7 5. e3 Nbd7 6. Nbd2 b6 7. Bb5 Bb7 8.
O-O O-O 9. Qe2 a6 10. Bd3 Nd5 11. Bh2 Nb4 12. Be4 d5 13. Bd3 c5 14. c3 Nxd3
15. Qxd3 Rc8 16. Ne5 Nb8 17. f4 f6 18. Ng4 Bc6 19. f5 Bb5 20. c4 dxc4 21.
Nxc4 cxd4 22. Rac1 dxe3 23. Qxd8 Rfxd8 24. Nxb6 e2 25. Rfe1 Rxc1 26. Rxc1
Rd1+ 0-1

[Event "Politiken Cup"]
[Site "Helsingor DEN"]
[Date "2009.07.19"]
[Round "3"]
[White "Knoth,M"]
[Black "Nielsen,Bo1"]
[Result "1/2-1/2"]
[WhiteElo "1856"]
[BlackElo "2073"]
[EventDate "2009.07.18"]

1. c4 e6 2. Nc3 d5 3. d4 Nf6 4. Nf3 Be7 5. e3 O-O 6. b3 b6 7. Bd3 Bb7 8.
Bb2 c5 9. O-O Nc6 10. Ne2 Rc8 11. Ng3 cxd4 12. exd4 Qc7 13. Rc1 Qb8 14. Ne5
g6 15. Qd2 Kg7 16. h4 Nxe5 17. dxe5 Ne4 18. Bxe4 dxe4 19. Qf4 f5 20. exf6+
Bxf6 21. Bxf6+ Rxf6 22. Qe3 Qf4 23. Qxf4 Rxf4 24. h5 Rd8 25. Rcd1 Rff8 26.
hxg6 hxg6 27. Rfe1 Kf6 28. Nxe4+ Bxe4 29. Rxd8 Rxd8 30. Rxe4 Rd1+ 31. Kh2
Rd2 32. Kg3 Rxa2 33. Kf3 Rb2 34. Re3 Kf5 35. g4+ Kf6 36. Kg3 e5 37. f3 g5
38. Rd3 Ke6 39. Kh3 a5 40. Kg3 Ke7 1/2-1/2

[Event "Politiken Cup"]
[Site "Helsingor DEN"]
[Date "2009.07.19"]
[Round "3"]
[White "Hansen,Herl"]
[Black "Sjol,H"]
[Result "1/2-1/2"]
[WhiteElo "2071"]
[BlackElo "1852"]
[EventDate "2009.07.18"]

1. d4 Nf6 2. c4 g6 3. Nc3 Bg7 4. e4 d6 5. f4 c5 6. d5 O-O 7. Nf3 e6 8. Be2
exd5 9. cxd5 Re8 10. Nd2 b6 11. O-O Na6 12. Bf3 Rb8 13. Re1 Nb4 14. Be2 Bb7
15. Rb1 Na6 16. a3 Nc7 17. Bf1 Qd7 18. Nf3 b5 19. b4 cxb4 20. axb4 Rbc8 21.
Bd2 a6 22. Rc1 Na8 23. e5 Nxd5 24. Ne4 Rxc1 25. Bxc1 dxe5 26. fxe5 Qc6 27.
Nd6 Rd8 28. Ng5 Ndc7 29. Ngxf7 Rf8 30. e6 Ne8 31. Nxb7 Qxb7 32. Qd7 Nac7
33. Nh6+ Kh8 34. Nf7+ Kg8 35. Bh6 Nf6 36. Qd4 Qd5 37. Qxd5 Ncxd5 38. Bxg7
Kxg7 39. Nd6 Ne7 40. Be2 Nfd5 41. Nb7 Nxb4 42. Bf3 Nc2 43. Rd1 Kf6 44. Rd6
Ke5 45. Rxa6 Nd4 46. Nc5 Nxf3+ 47. gxf3 Rxf3 48. Ra7 Rc3 49. Ne4 Kxe4 50.
Rxe7 Kd5 51. Re8 Rc7 52. Rb8 Kc4 53. Kf2 b4 54. Kf3 b3 55. Kf4 Kc3 56. Ke5
Kc2 57. Kd6 Rc3 58. e7 Rd3+ 59. Ke6 b2 60. e8=Q Re3+ 61. Kf7 Rxe8 62. Kxe8
b1=Q 63. Rxb1 Kxb1 64. Kf7 g5 65. Kf6 g4 66. Kg5 Kc2 67. Kxg4 Kd3 68. h4
Ke4 69. Kg5 Ke5 70. Kh6 Kf6 71. Kxh7 Kf7 72. h5 Kf8 1/2-1/2

[Event "Politiken Cup"]
[Site "Helsingor DEN"]
[Date "2009.07.19"]
[Round "3"]
[White "Moller,A"]
[Black "Hansen,Mads3"]
[Result "0-1"]
[WhiteElo "1860"]
[BlackElo "2068"]
[EventDate "2009.07.18"]

1. e4 c5 2. Nf3 d6 3. d4 cxd4 4. Nxd4 Nf6 5. Nc3 a6 6. Be2 e5 7. Nb3 Be7 8.
O-O O-O 9. Be3 Be6 10. f4 exf4 11. Bxf4 Nc6 12. Kh1 d5 13. Nxd5 Nxd5 14.
exd5 Qxd5 15. Qxd5 Bxd5 16. c3 Rfe8 17. Bf3 Rad8 18. Bxd5 Rxd5 19. Rad1
Red8 20. Rxd5 Rxd5 21. Re1 g5 22. Bc7 f6 23. g3 Kf7 24. Re2 b5 25. Rd2 Ke6
26. Kg2 f5 27. Rxd5 Kxd5 28. Nd2 Bf6 29. Bb6 a5 30. Kf2 a4 31. a3 Ne5 32.
Ke2 Nc4 33. Nxc4 Kxc4 34. Kd2 Kb3 35. Kc1 h5 36. Be3 Be7 37. Kb1 h4 38.
gxh4 f4 39. Bf2 gxh4 40. h3 f3 41. Kc1 Bg5+ 42. Kb1 Bf4 43. Bxh4 Be3 44.
Bg3 f2 45. Bxf2 Bxf2 46. Kc1 Bh4 47. Kb1 Bg5 0-1

[Event "Politiken Cup"]
[Site "Helsingor DEN"]
[Date "2009.07.19"]
[Round "3"]
[White "Barane,S"]
[Black "Schmied,A"]
[Result "0-1"]
[WhiteElo "1854"]
[BlackElo "2068"]
[EventDate "2009.07.18"]

1. e4 c5 2. Nf3 e6 3. d4 cxd4 4. Nxd4 Nc6 5. c4 Nf6 6. Nc3 d6 7. Be2 Be7 8.
O-O a6 9. Be3 O-O 10. f4 Qc7 11. f5 Ne5 12. b3 b5 13. fxe6 fxe6 14. Rc1
bxc4 15. Bxc4 Nxc4 16. bxc4 Qa5 17. Nc6 Qc7 18. Nd4 Bd7 19. Qe2 Rac8 20.
Qd2 Ng4 21. Rxf8+ Rxf8 22. h3 Nxe3 23. Qxe3 Qc5 24. Kh1 Bg5 25. Qg3 Bxc1
26. Nde2 Rf1+ 27. Kh2 Bf4 0-1

[Event "Politiken Cup"]
[Site "Helsingor DEN"]
[Date "2009.07.19"]
[Round "3"]
[White "Strand,H"]
[Black "Larsen,Han"]
[Result "1-0"]
[WhiteElo "2062"]
[BlackElo "1844"]
[EventDate "2009.07.18"]

1. e4 e6 2. d4 d5 3. e5 c5 4. c3 Nd7 5. f4 Ne7 6. Nf3 Nc6 7. Be3 Qb6 8. Qd2
f5 9. Be2 Be7 10. O-O O-O 11. Qc2 a6 12. Nbd2 Nd8 13. c4 cxd4 14. Nxd4 Bc5
15. N2b3 Bxd4 16. Nxd4 Qc7 17. Rac1 b6 18. cxd5 Qxc2 19. Rxc2 Nc5 20. b4
Ne4 21. Bc4 Re8 22. dxe6 Bxe6 23. Nxf5 b5 24. Bxe6+ Rxe6 25. Rc7 Nf7 26.
Rd1 g6 27. Ne7+ Kf8 28. Rdd7 Rd8 29. Rxd8+ Nxd8 30. Nd5 Rc6 31. Bc5+ Nxc5
32. bxc5 a5 33. Rxc6 Nxc6 34. Nc3 b4 35. Na4 Kf7 36. Kf2 Ke6 37. Nb6 h5 38.
g3 Kf5 39. Kf3 g5 40. Nc4 gxf4 41. gxf4 a4 42. Ne3+ Ke6 43. Ke4 b3 44. f5+
Kd7 45. axb3 axb3 46. Nc4 Ke7 47. Kd3 b2 48. Nxb2 Nxe5+ 49. Ke4 Ng4 50. h4
Kd7 51. Nd3 Nf6+ 52. Ke5 Ke7 53. Kf4 Nh7 54. Nf2 Nf6 55. Ne4 Ng4 56. Kg5
Ne3 57. Kg6 Kf8 58. f6 Nd5 59. Kxh5 Kf7 60. Kg5 Nc7 1-0

[Event "Politiken Cup"]
[Site "Helsingor DEN"]
[Date "2009.07.19"]
[Round "3"]
[White "Wimo,J"]
[Black "Harstad,C"]
[Result "0-1"]
[WhiteElo "1843"]
[BlackElo "2052"]
[EventDate "2009.07.18"]

1. d4 f5 2. c4 Nf6 3. Nc3 g6 4. Nf3 Bg7 5. Bf4 d6 6. Qc1 h6 7. h4 Nc6 8. e3
O-O 9. d5 Nb4 10. a3 Na6 11. b4 Qe8 12. Ra2 e5 13. dxe6 Bxe6 14. Nd4 Bf7
15. Rc2 Nh5 16. Nde2 Bxc4 17. g3 d5 18. Bg2 c6 19. O-O Qe7 20. Bf3 Nxf4 21.
exf4 Rae8 22. Rd1 Bb3 23. b5 Bxc2 24. Qxc2 Nc5 25. bxc6 bxc6 26. Nd4 Ne4
27. Nxc6 Qxa3 28. Bxe4 dxe4 29. Nd5 Rf7 30. Qc4 Kh7 31. Rb1 Qd3 32. Qa2 Rd7
33. Ndb4 Qf3 34. Qa4 e3 35. Rf1 exf2+ 36. Kh2 Re3 0-1

[Event "Politiken Cup"]
[Site "Helsingor DEN"]
[Date "2009.07.19"]
[Round "3"]
[White "Rostgaard,T"]
[Black "Hansen,Herb"]
[Result "1-0"]
[WhiteElo "2051"]
[BlackElo "1832"]
[EventDate "2009.07.18"]

1. Nf3 Nf6 2. c4 g6 3. Nc3 Bg7 4. g3 O-O 5. Bg2 d6 6. O-O c5 7. d4 cxd4 8.
Nxd4 a6 9. h3 Qc7 10. b3 Nc6 11. Be3 Rb8 12. Rc1 Bd7 13. Qd2 Nxd4 14. Bxd4
Bc6 15. Nd5 Bxd5 16. cxd5 Qd7 17. e4 Rbc8 18. f4 Qb5 19. Kh2 Nd7 20. Bxg7
Kxg7 21. Qd4+ Kg8 22. e5 Nc5 23. Rc4 Rfd8 24. Rfc1 Qe8 25. h4 Nd7 26. e6
Rxc4 27. Rxc4 Nc5 28. b4 Na4 29. exf7+ Qxf7 30. Bh3 Kf8 31. Be6 Qg7 32.
Qxg7+ Kxg7 33. Rc7 Kf8 34. Rxb7 Nc3 35. a3 Nb5 36. a4 Nd4 37. Bd7 Nb3 38.
Bc6 Rc8 39. b5 axb5 40. axb5 Na5 41. Ra7 Nc4 42. Kh3 h5 43. Kg2 Rb8 44. Kf2
Kf7 45. Ke2 Kf6 46. Kd3 Nb6 47. Ke4 e6 48. Rb7 exd5+ 49. Bxd5 Rxb7 50. Bxb7
Ke6 51. Bc6 Kf6 52. Be8 d5+ 53. Kd4 Na8 54. Bc6 Nc7 55. b6 1-0

[Event "Politiken Cup"]
[Site "Helsingor DEN"]
[Date "2009.07.19"]
[Round "3"]
[White "Andersen,Cl"]
[Black "Ramme,C"]
[Result "0-1"]
[WhiteElo "1829"]
[BlackElo "2048"]
[EventDate "2009.07.18"]

1. d4 Nf6 2. c4 c5 3. Nf3 cxd4 4. Nxd4 e5 5. Nb5 d6 6. g3 Nc6 7. Bg2 Be7 8.
O-O O-O 9. Bg5 Ne8 10. Bxe7 Nxe7 11. N1c3 a6 12. Na3 Qb6 13. Qc1 Be6 14. b3
Nf6 15. e4 Qb4 16. Qb2 Nc6 17. Nd5 Bxd5 18. exd5 Ne7 19. Nc2 Qb6 20. Ne3
Nd7 21. Qe2 f5 22. Bh3 g6 23. g4 f4 24. g5 fxe3 25. Bxd7 exf2+ 26. Rxf2 Rf4
27. Be6+ Kg7 28. Kg2 Qd4 29. Raf1 Raf8 30. h4 Nf5 31. Bxf5 R8xf5 32. Rxf4
exf4 33. Rf3 Rf7 34. Qf2 Qe5 35. Kh2 b5 36. Qf1 bxc4 37. Qxc4 a5 38. Qc3
Kg8 39. Qc8+ Kg7 40. Qc3 h6 41. a3 Kh7 42. Qxe5 dxe5 43. d6 hxg5 44. hxg5
Kg8 45. Rc3 Rd7 46. Rd3 Kf7 47. Rd5 Ke6 48. Rxa5 Rxd6 49. b4 e4 50. b5 e3
51. Kg2 Rd2+ 52. Kf1 f3 53. Ra6+ Kd5 0-1

[Event "Politiken Cup"]
[Site "Helsingor DEN"]
[Date "2009.07.19"]
[Round "3"]
[White "Carnstam,T"]
[Black "Lyngsjo,G"]
[Result "1-0"]
[WhiteElo "2047"]
[BlackElo "1829"]
[EventDate "2009.07.18"]

1. c4 c6 2. e4 e5 3. Nf3 d6 4. Nc3 Bg4 5. h3 Bh5 6. Be2 Nf6 7. d4 exd4 8.
Nxd4 Bg6 9. Bg5 Be7 10. Nf5 Bxf5 11. exf5 O-O 12. O-O Qc7 13. Bf4 Rd8 14.
Qc2 a5 15. c5 Qc8 16. Na4 Nd5 17. Bf3 Ra7 18. cxd6 Bxd6 19. Bxd6 Rxd6 20.
Qc5 Qd8 1-0

[Event "Politiken Cup"]
[Site "Helsingor DEN"]
[Date "2009.07.19"]
[Round "3"]
[White "Frisvold,O"]
[Black "Lund,P"]
[Result "1-0"]
[WhiteElo "1827"]
[BlackElo "2047"]
[EventDate "2009.07.18"]

1. d4 d5 2. c4 e6 3. Nf3 Nf6 4. Bg5 Nbd7 5. e3 c6 6. Nc3 Qa5 7. a3 Ne4 8.
Qc1 Nxg5 9. Nxg5 dxc4 10. Nf3 b5 11. Be2 Be7 12. O-O O-O 13. Qc2 Bb7 14.
Ne4 Qc7 15. b3 cxb3 16. Qxb3 a6 17. a4 Rac8 18. Rfc1 Qb8 19. Neg5 Bxg5 20.
Nxg5 Nf6 21. e4 e5 22. f4 exd4 23. e5 Nd5 24. Bg4 Rcd8 25. e6 Qxf4 26. Nxf7
Rxf7 27. exf7+ Qxf7 28. Rf1 Qg6 29. Bf5 Qg5 30. Rf3 Kh8 31. Raf1 Ne3 32.
R1f2 c5 33. Be4 Qe7 34. Bxb7 c4 35. Qb1 d3 36. Qe1 d2 37. Qxd2 1-0

[Event "Politiken Cup"]
[Site "Helsingor DEN"]
[Date "2009.07.19"]
[Round "3"]
[White "Brendel,B"]
[Black "Larsen,Fi"]
[Result "1/2-1/2"]
[WhiteElo "2046"]
[BlackElo "1799"]
[EventDate "2009.07.18"]

1. e4 e5 2. Nf3 Nc6 3. Bc4 Be7 4. d4 exd4 5. Nxd4 Nf6 6. Nxc6 dxc6 7. Qxd8+
Bxd8 8. Nc3 O-O 9. O-O Re8 10. Rd1 Be6 11. Bd3 Be7 12. Bf4 Rac8 13. h3 h6
14. a4 Nd7 15. Be3 Bc5 16. Bxc5 Nxc5 17. f4 Nxd3 18. Rxd3 Rcd8 19. Rad1
Rxd3 20. Rxd3 g6 21. e5 Bf5 22. Rd2 h5 23. g4 hxg4 24. hxg4 Be6 25. Ne4 Kg7
26. Nf6 Rh8 27. Rh2 Rxh2 28. Kxh2 Kf8 29. Kg3 Ke7 30. Kh4 Ba2 31. Kg5 a5
32. f5 gxf5 33. gxf5 Bb1 34. c3 Bc2 35. Ng8+ Kf8 36. Nf6 Ke7 1/2-1/2

[Event "Politiken Cup"]
[Site "Helsingor DEN"]
[Date "2009.07.19"]
[Round "3"]
[White "Pallesen,Jo"]
[Black "Strand,Kj"]
[Result "0-1"]
[WhiteElo "1701"]
[BlackElo "2043"]
[EventDate "2009.07.18"]

1. e4 e5 2. Nf3 Nc6 3. Bc4 Bc5 4. O-O d6 5. c3 Bg4 6. d4 exd4 7. Bxf7+ Kxf7
8. Ng5+ Qxg5 9. Qb3+ Be6 10. Qxb7 Qd8 11. Qxc6 Ne7 12. Qa4 dxc3 13. Nxc3
Rf8 14. Ne2 Kg8 15. Bg5 Qe8 16. Qc2 Ng6 17. b4 Bb6 18. a4 a5 19. b5 Qf7 20.
Rac1 Ne5 21. Qc3 Bc4 22. Rc2 Bxf2+ 23. Kh1 Qh5 24. Qd2 Bb6 25. Bf4 Bxe2 26.
Qxe2 Qxe2 27. Rxe2 g5 0-1

[Event "Politiken Cup"]
[Site "Helsingor DEN"]
[Date "2009.07.19"]
[Round "3"]
[White "Jensen,Ha"]
[Black "Madland,K"]
[Result "0-1"]
[WhiteElo "1620"]
[BlackElo "2017"]
[EventDate "2009.07.18"]

1. e4 c5 2. Nc3 Nc6 3. Bb5 Nd4 4. Bc4 e6 5. f4 Ne7 6. Nf3 Nec6 7. O-O g6 8.
Nxd4 Nxd4 9. Ne2 Bg7 10. Nxd4 Bxd4+ 11. Kh1 O-O 12. e5 d5 13. Be2 c4 14. c3
Bc5 15. d4 cxd3 16. Bxd3 b6 17. Qe1 Bb7 18. Qg3 d4 19. c4 Qc7 20. Bd2 a5
21. h4 Rfe8 22. h5 Kh8 23. h6 Bf8 24. Qg5 Qe7 25. Rae1 Rac8 26. b3 Red8 27.
Be4 Bxe4 28. Rxe4 a4 29. Qxe7 Bxe7 30. Rf3 Bf8 31. Rh3 axb3 32. axb3 Rd7
33. g4 b5 34. cxb5 Rb8 35. g5 Rxb5 36. Rd3 Bc5 37. b4 Ba7 38. Bc3 Rbd5 39.
Bd2 Kg8 40. Kg1 Kf8 41. Re1 Rc7 42. Rc1 Rc3 43. Ra1 Rxd3 44. Rxa7 Rxd2 45.
Ra8+ Ke7 46. Rh8 Rb5 47. Kf1 Rxb4 48. Ke1 Rh2 0-1